Vergeben!: Kirche in Guatemala sucht eigene Wege der Vergangenheitsbewältigung

Saved in:  
Bibliographic Details
Main Author: Foitzik, Alexander 1964- (Author)
Format: Electronic Article
Language:German
Check availability: HBZ Gateway
Interlibrary Loan:Interlibrary Loan for the Fachinformationsdienste (Specialized Information Services in Germany)
Published: 1997
In: Herder-Korrespondenz
Year: 1997, Volume: 51, Issue: 9, Pages: 438-439
Standardized Subjects / Keyword chains:B Guatemala / Reconciliation / Holy See (motif)
RelBib Classification:CG Christianity and Politics
KBR Latin America
KDB Roman Catholic Church
TK Recent history
Online Access: Volltext (kostenfrei)
Parallel Edition:Non-electronic

MARC

LEADER 00000naa a22000002c 4500
001 1900730987
003 DE-627
005 20240830143543.0
007 cr uuu---uuuuu
008 240830s1997 xx |||||o 00| ||ger c
024 7 |a 10.60564/herkorr.v51i9.15764  |2 doi 
035 |a (DE-627)1900730987 
035 |a (DE-599)KXP1900730987 
040 |a DE-627  |b ger  |c DE-627  |e rakwb 
041 |a ger 
084 |a RD02.02  |2 fivr 
084 |a SG09  |2 fivs 
084 |a 1  |a 0  |2 ssgn 
100 1 |0 (DE-588)1022554190  |0 (DE-627)717001504  |0 (DE-576)180191063  |4 aut  |a Foitzik, Alexander  |d 1964- 
109 |a Foitzik, Alexander 1964-  |a A. F. 1964-  |a F., A. 1964-  |a fo 1964- 
245 1 0 |a Vergeben!  |b Kirche in Guatemala sucht eigene Wege der Vergangenheitsbewältigung 
264 1 |c 1997 
336 |a Text  |b txt  |2 rdacontent 
337 |a Computermedien  |b c  |2 rdamedia 
338 |a Online-Ressource  |b cr  |2 rdacarrier 
506 |a [DE-21]Open Access  |e Controlled Vocabulary for Access Rights  |u http://purl.org/coar/access_right/c_abf2 
533 |a Reproduktion  |d 2023  |7 |2023|||||||||| 
540 |a [DE-21]Urheberrechtsschutz 1.0  |2 rs  |u https://rightsstatements.org/page/InC/1.0/?language=en 
601 |a Vergangenheitsbewältigung 
652 |a CG:KBR:KDB:TK 
689 0 0 |d g  |0 (DE-588)4022428-4  |0 (DE-627)104280255  |0 (DE-576)208943560  |2 gnd  |a Guatemala 
689 0 1 |d s  |0 (DE-588)4063213-1  |0 (DE-627)104552387  |0 (DE-576)209147822  |2 gnd  |a Versöhnung 
689 0 2 |d b  |0 (DE-588)2009545-4  |0 (DE-627)101659261  |0 (DE-576)191644501  |2 gnd  |a Katholische Kirche 
689 0 |5 (DE-627) 
773 0 8 |i Enthalten in  |t Herder-Korrespondenz  |d Freiburg, Br. : Herder, 1946  |g 51(1997), 9, Seite 438-439  |w (DE-627)1870659759  |w (DE-600)3172576-4  |7 nnas 
773 1 8 |g volume:51  |g year:1997  |g number:9  |g pages:438-439 
776 0 8 |i Elektronische Reproduktion von  |a Foitzik, Alexander, 1964 -   |t Vergeben!  |d 1997  |w (DE-627)1642687448  |w (DE-576)465519431  |k Non-Electronic 
856 4 0 |u https://doi.org/10.60564/herkorr.v51i9.15764  |x Digitalisierung  |z kostenfrei  |3 Volltext  |7 0 
935 |a mteo  |a DTH5 
936 f i |0 (DE-627)1756132399  |a RD02.02  |b Guatemala  |k Lateinamerika  |k Zentralamerika  |k Lateinamerika  |k Zentralamerika  |k Guatemala  |2 fivr 
936 f i |0 (DE-627)1756136092  |a SG09  |b Religion/Religionsgemeinschaften  |k Gesellschaft  |k Gesellschaft  |k Religion/Religionsgemeinschaften  |2 fivs 
938 1 0 |0 (DE-627)1756159513  |0 (DE-615)6602436  |a Guatemala  |a Guatemala  |2 fivt 
938 1 0 |0 (DE-627)1756192235  |0 (DE-615)6610070  |a Verhältnis Religionsgemeinschaft - Staat  |a Verhältnis Religionsgemeinschaft - Staat  |2 fivt 
938 1 0 |0 (DE-627)1756222517  |0 (DE-615)6608208  |a Vergangenheitsbewältigung  |a Vergangenheitsbewältigung  |2 fivt 
951 |a AR 
ELC |a 1 
ITA |a 1  |t 1 
LOK |0 000 xxxxxcx a22 zn 4500 
LOK |0 001 4573530339 
LOK |0 003 DE-627 
LOK |0 004 1900730987 
LOK |0 005 20240830143543 
LOK |0 008 240830||||||||||||||||ger||||||| 
LOK |0 040   |a DE-Tue135  |c DE-627  |d DE-Tue135 
LOK |0 092   |o n 
LOK |0 852   |a DE-Tue135 
LOK |0 852 1  |9 00 
LOK |0 935   |a ixzs 
LOK |0 936ln  |0 1442053887  |a TK 
LOK |0 936ln  |0 1442049278  |a KBR 
LOK |0 936ln  |0 1442049839  |a KDB 
LOK |0 936ln  |0 1442043911  |a CG 
LOK |0 939   |a 30-08-24  |b l01 
OAS |a 1 
ORI |a SA-MARC-ixtheoa001.raw 
REL |a 1 
STA 0 0 |a Guatemala,Holy See (motif),Catholic church,Catholic Church,Catholic Church,Former pilgrimage church Saint Ottilia,Reconciliation,Reconciliation,Atonement,Placation 
STB 0 0 |a Réconciliation,Réconciliation,Saint-Siège (motif),Église catholique,Église catholique 
STC 0 0 |a Movimiento juvenil católico,Reconciliación,Reconciliación 
STD 0 0 |a Chiesa cattolica,Riconciliazione,Riconciliazione 
STE 0 0 |a 和解,和解,和好,复和,和好,复和,天主教会,罗马公教 
STF 0 0 |a 和解,和解,和好,復和,和好,復和,天主教會,羅馬公教 
STG 0 0 |a Igreja católica,Reconciliação,Reconciliação 
STH 0 0 |a Католическая церковь (мотив),Примирение (мотив),Примирение 
STI 0 0 |a Καθολική Εκκλησία (μοτίβο),Συμφιλίωση (μοτίβο),Συμφιλίωση 
SUB |a REL 
SYG 0 0 |a La Nueva Guatemala de la Asunción,Ciudad de Guatemala,Municipalidad de Guatemala,Guatemala,Guatemala,Guatemala City,República de Guatemala,Republik Guatemala , reconciliation,Aussöhnung , Katolikus Egyház,RCC,Katoličeskaj Cerkovʹ,Katoličke Cerkve,Katolska Cyrkej,Katolske Kirke,Ecclesia Catholica,Igreja Católica,Römisch-Katholische Kirche,Katholikē Ekklēsia,Catholic Church,Roman Catholic Church,Eglise Catholique,Eglise Catholique Romaine,Chiesa Cattolica,Katholieke Kerk,Iglesia Católica,Katolické Církve,Kościoł Katolicki,Katoličke Crkve,Eglise catholique romaine,Chiesa cattolica romana,Roman catholic Church,Eglise catholique,Römische Kirche , Eglise catholique,Roman Catholic Church,Catholic Church , Ehemalige Wallfahrtskirche Sankt Ottilia 
TIM |a 100018230101_100020261231  |b 1823 - 2026